[Event "DSOL 2021"]
[Site "Germany"]
[Date "2021.03.17"]
[Round "6.4"]
[White "Hart, Martin"]
[Black "Pieper, Dawid"]
[Result "0-1"]
[WhiteElo "2010"]
[BlackElo "2169"]
[Annotator "NA"]
[PlyCount "104"]
[EventDate "2021.01.18"]
[EventType "team-tourn"]
[EventCountry "GER"]
[SourceTitle "playchess.com"]
[Source "ChessBase"]
[SourceQuality "1"]

1. e4 c5 2. Nc3 Nc6 3. g3 g6 4. Bg2 Bg7 5. d3 Rb8 6. a4 a6 7. Be3 d6 8. Qd2 b5 9. axb5 axb5 10. Nge2 b4 11. Na4 Nf6 12. h3 O-O 13. O-O Qc7 14. f4 Nd7 15. f5 Bb7 16. Nf4 Nd4 17. Kh2 Ra8 18. Bxd4 Bxd4 19. c3 bxc3 20. bxc3 Bf6 21. fxg6 hxg6 22. Nd5 Bxd5 23. exd5 Rfb8 24. Nb2 Kg7 25. Nc4 Rxa1 26. Rxa1 Rb3 27. Rc1 Qa7 28. h4 Ne5 29. Nxe5 Bxe5 30. h5 Qa5 31. hxg6 fxg6 32. Qg5 Bf6 33. Qg4 Rxc3 34. Rxc3 Qxc3 35. Be4 Qd2+ 36. Kh3 Qh6+ 37. Kg2 Qd2+ 38. Kh3 Qh6+ 39. Kg2 Be5 40. Kf3 Qh1+ 41. Ke2 Qh2+ 42. Kf3 Qh6 43. Ke2 Bd4 44. Qf3 Qh3 45. Qg2 Qc8 46. Kf3 e6 47. Ke2 Qa6 48. Qh3 Qa2+ 49. Kf3 Qf2+ 50. Kg4 exd5 51. Bxd5 Qf5+ 52. Kh4 Qh5# 0-1

[Event "DSOL 2021"]
[Site "Germany"]
[Date "2021.03.19"]
[Round "6.4"]
[White "Helmer, Jan"]
[Black "Klein, Christoph"]
[Result "1-0"]
[WhiteElo "2010"]
[BlackElo "2112"]
[Annotator "NA"]
[PlyCount "61"]
[EventDate "2021.01.18"]
[EventType "team-tourn"]
[EventCountry "GER"]
[SourceTitle "playchess.com"]
[Source "ChessBase"]
[SourceQuality "1"]
[WhiteTeam "Hamelner SV I"]
[BlackTeam "SF Heidesheim I"]

1. Nf3 Nf6 2. d4 d5 3. e3 Bg4 4. h3 Bh5 5. g4 Bg6 6. Ne5 Nbd7 7. h4 h5 8. Nxg6 fxg6 9. Bd3 Kf7 10. g5 Ne4 11. Qf3+ Kg8 12. Bxe4 dxe4 13. Qxe4 Kh7 14. c4 e5 15. Nc3 exd4 16. exd4 Bd6 17. Be3 Re8 18. Qd3 c6 19. O-O-O Qa5 20. c5 Bf8 21. f4 Rad8 22. Qe2 Nxc5 23. f5 gxf5 24. Qxh5+ Kg8 25. g6 Nb3+ 26. axb3 Ba3 27. Qh7+ Kf8 28. Qh8+ Ke7 29. Qxg7+ Ke6 30. Qf7+ Kd6 31. Bf4+ 1-0

[Event "DSOL 2021"]
[Site "Germany"]
[Date "2021.03.16"]
[Round "6.4"]
[White "Gehringer, Frank"]
[Black "Schnegelsberg, Karl-Heinz"]
[Result "0-1"]
[WhiteElo "2002"]
[BlackElo "1961"]
[Annotator "TA"]
[PlyCount "146"]
[EventDate "2021.01.18"]
[EventType "team-tourn"]
[EventCountry "GER"]
[SourceTitle "playchess.com"]
[Source "ChessBase"]
[SourceQuality "1"]

1. e4 e6 2. d4 d5 3. e5 c5 4. c3 Qb6 5. Nf3 Nc6 6. a3 Nh6 7. b4 cxd4 8. cxd4 Nf5 9. Bb2 Bd7 10. g4 Nfe7 11. Nc3 Ng6 12. h4 h5 13. g5 Na5 14. Na4 Qc6 15. b5 Qc7 16. Rc1 Nc4 17. Bxc4 dxc4 18. Nc3 Be7 19. a4 Nf4 20. O-O Rd8 21. Qd2 Nd5 22. Nxd5 exd5 23. Ne1 Bh3 24. Ng2 Qd7 25. Qe3 Qg4 26. Qg3 O-O 27. Qxg4 Bxg4 28. f4 f6 29. Ne3 Bc8 30. Bc3 fxg5 31. fxg5 Be6 32. Rxf8+ Rxf8 33. Rf1 Rxf1+ 34. Kxf1 Ba3 35. Kf2 Kf7 36. Kf3 Bc1 37. Kf2 Ke8 38. Ng2 Kd7 39. Kf3 Bg4+ 40. Kg3 Bd1 41. a5 Ba4 42. Nf4 Bxf4+ 43. Kxf4 g6 44. b6 axb6 45. axb6 Bc2 46. Bd2 Bf5 47. Bb4 Kc6 48. Bc5 Kb5 49. Ke3 Ka4 50. Kd2 Kb3 51. Kc1 c3 52. Bd6 Kc4 53. Bc5 Kd3 54. Kd1 Ke3 55. e6 Bxe6 56. Kc2 Kf4 57. Kxc3 Kg4 58. Kd3 Kxh4 59. Ke3 Kxg5 60. Kf3 Kf5 61. Bd6 g5 62. Be7 h4 63. Kg2 Kf4 64. Kg1 Bf5 65. Kg2 Bg4 66. Kg1 Bf3 67. Kf2 Be4 68. Bf6 Kg4 69. Kg1 Kh5 70. Be7 g4 71. Bf6 g3 72. Be7 Kg4 73. Bf6 h3 0-1

[Event "DSOL 2021"]
[Site "Germany"]
[Date "2021.03.18"]
[Round "6.4"]
[White "Wurmb, Peter"]
[Black "Vogt, Peter"]
[Result "1-0"]
[WhiteElo "1990"]
[BlackElo "1343"]
[Annotator "TA"]
[PlyCount "97"]
[EventDate "2021.01.18"]
[EventType "team-tourn"]
[EventCountry "GER"]
[SourceTitle "playchess.com"]
[Source "ChessBase"]
[SourceQuality "1"]

1. d4 Nf6 2. Nf3 e6 3. c4 Bb4+ 4. Bd2 Bxd2+ 5. Qxd2 d5 6. Nc3 O-O 7. e3 b6 8. Bd3 Bb7 9. Ne5 Ne4 10. Qc2 f5 11. cxd5 exd5 12. O-O Nd7 13. Nxd7 Qxd7 14. f3 Nxc3 15. bxc3 Rae8 16. Rfe1 g6 17. c4 Kg7 18. Rac1 Rf7 19. c5 c6 20. cxb6 axb6 21. Qb2 b5 22. Rc3 Rfe7 23. Bb1 f4 24. e4 dxe4 25. d5 Kg8 26. fxe4 cxd5 27. Bd3 dxe4 28. Bxb5 Qd4+ 29. Kh1 Rd8 30. Qb3+ Bd5 31. Bc4 Bxc4 32. Rxc4 Qd5 33. Rd4 Qxb3 34. Rxd8+ Kf7 35. axb3 e3 36. Kg1 g5 37. h3 Rb7 38. Rd3 Kg6 39. g4 Kf6 40. Kg2 Ke5 41. Kf3 h5 42. gxh5 Rh7 43. Rc1 Rxh5 44. Rc5+ Ke6 45. Kg4 Rh4+ 46. Kxg5 Rxh3 47. Kxf4 e2 48. Re5+ Kf6 49. Rxh3 1-0

[Event "DSOL 2021"]
[Site "Germany"]
[Date "2021.03.15"]
[Round "6.4"]
[White "Poletajew, Sergej"]
[Black "Bischoff, Anton"]
[Result "1-0"]
[WhiteElo "1985"]
[BlackElo "1481"]
[Annotator "TA"]
[PlyCount "103"]
[EventDate "2021.01.18"]
[EventType "team-tourn"]
[EventCountry "GER"]
[SourceTitle "playchess.com"]
[Source "ChessBase"]
[SourceQuality "1"]

1. Nf3 Nf6 2. c4 g6 3. b3 Bg7 4. Bb2 O-O 5. g3 e6 6. Bg2 d5 7. O-O c5 8. d4 cxd4 9. cxd5 Nxd5 10. Nxd4 Ne7 11. e3 Nbc6 12. Nxc6 Nxc6 13. Bxg7 Kxg7 14. Qe2 Nb4 15. Nc3 Qe7 16. Rfd1 Rb8 17. Nb5 Nd5 18. Bxd5 exd5 19. Rxd5 Bh3 20. Rad1 Rfd8 21. f3 Rxd5 22. Rxd5 Re8 23. Kf2 Rc8 24. Qb2+ Kg8 25. Nxa7 Re8 26. Qd2 Qf6 27. Nb5 Qa1 28. Qd1 Qxa2+ 29. Rd2 Qa5 30. Nd6 Re7 31. Nc4 Qc3 32. Rd8+ Kg7 33. g4 b5 34. Qd6 bxc4 35. Qxe7 Qc2+ 36. Kg3 Qg2+ 37. Kf4 Qxh2+ 38. Ke4 Qc2+ 39. Kd4 Qd2+ 40. Kc5 Qa5+ 41. Kc6 Qa6+ 42. Kd5 Qa5+ 43. Ke4 Qa2 44. Qf8+ Kf6 45. Rd6+ Kg5 46. Qe7+ Kh6 47. Qh4+ Kg7 48. Qf6+ Kh6 49. Qxf7 Qc2+ 50. Kd5 Qd3+ 51. Kc6 Qe4+ 52. fxe4 1-0

[Event "DSOL 2021"]
[Site "Germany"]
[Date "2021.03.19"]
[Round "6.4"]
[White "Kiss, Tamas"]
[Black "Oberling, Rudolf"]
[Result "0-1"]
[WhiteElo "1984"]
[BlackElo "1490"]
[Annotator "NA"]
[PlyCount "158"]
[EventDate "2021.01.18"]
[EventType "team-tourn"]
[EventCountry "GER"]
[SourceTitle "playchess.com"]
[Source "ChessBase"]
[SourceQuality "1"]
[WhiteTeam "SF Essen-Katernberg I"]
[BlackTeam "SV Walldorf I"]

1. e4 e5 2. Nf3 Nc6 3. Bb5 a6 4. Ba4 d6 5. O-O Bd7 6. c3 g6 7. d4 Bg7 8. Bg5 Nge7 9. d5 Nb8 10. c4 O-O 11. Nc3 h6 12. Bh4 g5 13. Bg3 f5 14. Bxd7 Nxd7 15. exf5 Nxf5 16. Ne4 b6 17. Nfd2 Qe8 18. Qg4 Qg6 19. h4 Nf6 20. Nxf6+ Bxf6 21. h5 Qh7 22. Ne4 Be7 23. Rfe1 Qf7 24. f3 Rad8 25. Bf2 Ng7 26. Ng3 Qf4 27. Re4 Qxg4 28. fxg4 Rf4 29. Rae1 Rdf8 30. R1e2 Rxe4 31. Rxe4 Rf7 32. b4 Ne8 33. Nf5 Nf6 34. Re2 Nxg4 35. Nxe7+ Rxe7 36. c5 bxc5 37. bxc5 Nf6 38. cxd6 cxd6 39. Rb2 Nxh5 40. Rb6 e4 41. Rxd6 e3 42. Be1 Nf4 43. Rd8+ Kf7 44. d6 Re8 45. Rd7+ Ke6 46. Ra7 Kxd6 47. Rxa6+ Kd5 48. Rxh6 e2 49. a4 Nd3 50. Bd2 e1=Q+ 51. Bxe1 Rxe1+ 52. Kh2 Ke5 53. Kg3 Kf5 54. a5 Ra1 55. Rd6 Nb4 56. Rb6 Ra3+ 57. Kh2 Nd5 58. Rb5 Ke6 59. Rc5 Kd6 60. Rb5 Kc6 61. Rb8 Rxa5 62. Kg3 Nf6 63. Rg8 Kd6 64. Rb8 Ke6 65. Rb3 Kf5 66. Rf3+ Kg6 67. Rb3 Kh5 68. Rd3 Rc5 69. Kf3 Rf5+ 70. Kg3 Rf4 71. Rd8 Ne4+ 72. Kh2 Rh4+ 73. Kg1 Kg4 74. Rf8 Ng3 75. Ra8 Rh1+ 76. Kf2 Rf1+ 77. Ke3 Rf4 78. Ra7 Nf5+ 79. Ke2 Kg3 0-1

[Event "DSOL 2021"]
[Site "Germany"]
[Date "2021.03.18"]
[Round "6.4"]
[White "Schwedek, Tony"]
[Black "Carlstedt, Jonathan"]
[Result "0-1"]
[WhiteElo "1974"]
[BlackElo "2451"]
[Annotator "RC"]
[PlyCount "90"]
[EventDate "2021.01.18"]
[EventType "team-tourn"]
[EventCountry "GER"]
[SourceTitle "playchess.com"]
[Source "ChessBase"]
[SourceQuality "1"]

1. c4 e5 2. g3 Nc6 3. Bg2 Bc5 4. Nc3 a6 5. e3 d6 6. Nge2 Ba7 7. O-O h5 8. d4 h4 9. b4 Nxb4 10. Qa4+ Nc6 11. d5 b5 12. cxb5 Nce7 13. b6+ Bd7 14. bxc7 Qxc7 15. Qxa6 hxg3 16. hxg3 Nf6 17. Ba3 Nc8 18. Nb5 Bxb5 19. Qxb5+ Qd7 20. Qxd7+ Nxd7 21. Bb4 Bc5 22. a3 Ke7 23. Nc3 Ncb6 24. Ne4 Bxb4 25. axb4 f5 26. Ng5 e4 27. f3 Kf6 28. Rxa8 Rxa8 29. Nh3 exf3 30. Bxf3 Ne5 31. e4 Ra3 32. Kg2 Nbc4 33. Rf2 Ne3+ 34. Kh1 g5 35. Bh5 g4 36. Nf4 Ra1+ 37. Kh2 fxe4 38. Ng2+ Nf5 39. Nh4 Nf3+ 40. Nxf3 gxf3 41. g4 Nd4 42. Kg3 Kg5 43. Rd2 e3 44. Rxd4 f2 45. Rf4 Rg1+ 0-1

[Event "DSOL 2021"]
[Site "Germany"]
[Date "2021.03.19"]
[Round "6.4"]
[White "Lawrenz, Denny"]
[Black "Will, Patrick"]
[Result "1-0"]
[WhiteElo "1972"]
[BlackElo "1326"]
[Annotator "NA"]
[PlyCount "77"]
[EventDate "2021.01.18"]
[EventType "team-tourn"]
[EventCountry "GER"]
[SourceTitle "playchess.com"]
[Source "ChessBase"]
[SourceQuality "1"]
[WhiteTeam "Bayern München I"]
[BlackTeam "SK Bickenbach I"]

1. d4 Nf6 2. c4 c5 3. d5 b5 4. cxb5 a6 5. e3 g6 6. Nc3 d6 7. Nf3 Bg7 8. a4 Nbd7 9. Be2 O-O 10. O-O axb5 11. Bxb5 Ba6 12. Bxa6 Rxa6 13. e4 Ng4 14. Qc2 Qb6 15. Bg5 Re8 16. Nd2 Nge5 17. Ra3 c4 18. Nb5 Qc5 19. Be3 Qc8 20. Rc3 Qb7 21. Nxc4 Ng4 22. Bd4 Bxd4 23. Nxd4 Nc5 24. a5 Nf6 25. f3 Qd7 26. b4 Nb7 27. b5 Rxa5 28. Nxa5 Nxa5 29. Rc7 Qd8 30. Ra1 e5 31. dxe6 fxe6 32. Rxa5 e5 33. Nb3 d5 34. Raa7 dxe4 35. Qc4+ Kh8 36. Qf7 Qd1+ 37. Kf2 e3+ 38. Kg3 Nh5+ 39. Kg4 1-0

[Event "DSOL 2021"]
[Site "Germany"]
[Date "2021.03.15"]
[Round "6.4"]
[White "Kotyk, Michael"]
[Black "Juelg, Gabriel"]
[Result "1-0"]
[WhiteElo "1960"]
[BlackElo "1707"]
[Annotator "TA"]
[PlyCount "75"]
[EventDate "2021.01.18"]
[EventType "team-tourn"]
[EventCountry "GER"]
[SourceTitle "playchess.com"]
[Source "ChessBase"]
[SourceQuality "1"]

1. d4 Nf6 2. c4 e6 3. Nc3 Bb4 4. Qc2 c5 5. dxc5 Bxc5 6. Nf3 Qb6 7. e3 Qc7 8. a3 b6 9. b4 Be7 10. Nb5 Qd8 11. Bb2 a6 12. Nbd4 Bb7 13. Bd3 d6 14. g4 e5 15. g5 exd4 16. gxf6 Bxf6 17. Be4 d5 18. cxd5 d3 19. Bxd3 Qxd5 20. Be2 Nd7 21. Rd1 Qe6 22. Bxf6 Qxf6 23. Qc7 Qc6 24. Qxc6 Bxc6 25. Rg1 O-O 26. Rd6 Rfc8 27. Nd4 Ba4 28. Kd2 Kf8 29. Bg4 Rc7 30. Bxd7 Bxd7 31. Rxb6 g6 32. Rg5 f5 33. h4 Kf7 34. h5 a5 35. hxg6+ hxg6 36. Rbxg6 axb4 37. Rg7+ Kf6 38. f4 1-0

[Event "DSOL 2021"]
[Site "Germany"]
[Date "2021.03.18"]
[Round "6.4"]
[White "Stoering, Marc"]
[Black "Nagelsdiek, Michael"]
[Result "1-0"]
[WhiteElo "1941"]
[BlackElo "2063"]
[Annotator "TA"]
[PlyCount "47"]
[EventDate "2021.01.18"]
[EventType "team-tourn"]
[EventCountry "GER"]
[SourceTitle "playchess.com"]
[Source "ChessBase"]
[SourceQuality "1"]

1. c4 Nf6 2. Nf3 g6 3. g3 Bg7 4. Bg2 O-O 5. O-O c5 6. Nc3 Nc6 7. d3 d6 8. a3 Ne8 9. Bd2 Rb8 10. Rb1 a5 11. Qc2 Nc7 12. Nd5 b5 13. Nxc7 Qxc7 14. cxb5 Rxb5 15. b4 axb4 16. axb4 Bd7 17. Rfc1 Rfb8 18. bxc5 Rxc5 19. Qd1 Rxb1 20. Rxb1 Na5 21. Ng5 Rb5 22. Rxb5 Bxb5 23. Qb1 Bc6 24. Qa2 1-0

[Event "DSOL 2021"]
[Site "Germany"]
[Date "2021.03.17"]
[Round "6.4"]
[White "Lenze, Thomas"]
[Black "Hbh"]
[Result "1-0"]
[WhiteElo "1939"]
[BlackElo "1472"]
[Annotator "TA"]
[PlyCount "113"]
[EventDate "2021.01.18"]
[EventType "team-tourn"]
[EventCountry "GER"]
[SourceTitle "playchess.com"]
[Source "ChessBase"]
[SourceQuality "1"]

1. e4 c5 2. Nc3 g6 3. Bc4 Bg7 4. Nf3 Nc6 5. d3 d6 6. O-O Nf6 7. Be3 a6 8. a3 b5 9. Ba2 O-O 10. h3 Bb7 11. Qd2 Re8 12. Ng5 e6 13. f4 b4 14. axb4 cxb4 15. Na4 Nd7 16. f5 h6 17. fxe6 hxg5 18. exf7+ Kh7 19. fxe8=Q Qxe8 20. Bxg5 a5 21. Kh1 Nd4 22. Qf2 d5 23. Qh4+ Kg8 24. exd5 b3 25. Bxb3 Nxb3 26. cxb3 Bxd5 27. Bh6 Qe2 28. Rf2 Qxd3 29. Bxg7 Kxg7 30. Re1 Rf8 31. Rxf8 Nxf8 32. Qe7+ Bf7 33. Qe3 Qd8 34. Nc5 Qh4 35. Rf1 Qd8 36. Qe5+ Kg8 37. Ne4 Nh7 38. Nf6+ Nxf6 39. Qxf6 Qd5 40. Qxf7+ Qxf7 41. Rxf7 Kxf7 42. Kg1 Ke6 43. Kf2 Kd5 44. Ke3 Kc5 45. Kd3 Kd5 46. g3 Kc5 47. h4 Kb4 48. Kc2 Kc5 49. g4 Kd5 50. h5 Ke6 51. hxg6 Kf6 52. Kc3 Kxg6 53. Kc4 Kg5 54. Kb5 Kxg4 55. Kxa5 Kf5 56. b4 Ke6 57. b5 1-0

[Event "DSOL 2021"]
[Site "Germany"]
[Date "2021.03.15"]
[Round "6.4"]
[White "Hellrung, Bernhard"]
[Black "Kuerschner, Matthias"]
[Result "1/2-1/2"]
[WhiteElo "1927"]
[BlackElo "1978"]
[Annotator "TA"]
[PlyCount "51"]
[EventDate "2021.01.18"]
[EventType "team-tourn"]
[EventCountry "GER"]
[SourceTitle "playchess.com"]
[Source "ChessBase"]
[SourceQuality "1"]

1. e4 c5 2. c3 e6 3. d4 cxd4 4. cxd4 d5 5. e5 Nc6 6. Nc3 Qb6 7. Nf3 Nge7 8. Bd3 Bd7 9. Bc2 Nb4 10. Bb1 a5 11. O-O Bc6 12. a3 Na6 13. Qe2 h6 14. Bd3 Nc7 15. Be3 Nc8 16. Ne1 Na7 17. a4 Bd7 18. f4 g6 19. Nf3 Nc6 20. Nb5 Nb4 21. Nxc7+ Qxc7 22. Rfc1 Qd8 23. Bb5 Be7 24. Bd2 O-O 25. Bc3 Rc8 26. Rf1 1/2-1/2

[Event "DSOL 2021"]
[Site "Germany"]
[Date "2021.03.19"]
[Round "6.4"]
[White "Buehrmann, Torsten"]
[Black "Bender, Sebastian"]
[Result "0-1"]
[WhiteElo "1911"]
[BlackElo "2013"]
[Annotator "NA"]
[PlyCount "88"]
[EventDate "2021.01.18"]
[EventType "team-tourn"]
[EventCountry "GER"]
[SourceTitle "playchess.com"]
[Source "ChessBase"]
[SourceQuality "1"]
[WhiteTeam "SK Lehrte I"]
[BlackTeam "SC Weisse Dame"]

1. e4 c5 2. Nf3 e6 3. g3 Nc6 4. Bg2 Nf6 5. d3 d5 6. exd5 exd5 7. O-O Be7 8. Bf4 Bg4 9. h3 Bh5 10. c3 O-O 11. Re1 Re8 12. Nbd2 Qd7 13. Qb3 Bg6 14. Bf1 Rad8 15. Rad1 h6 16. Ne5 Nxe5 17. Bxe5 Bf5 18. Kh2 Be6 19. Bg2 d4 20. c4 b6 21. Nf3 Nh7 22. h4 g5 23. hxg5 hxg5 24. Rd2 f6 25. Bc7 Rc8 26. Nxd4 cxd4 27. Rxe6 Rxc7 28. Bd5 Kg7 29. Rde2 Nf8 30. R6e4 Ng6 31. Be6 Rh8+ 32. Kg2 Qd6 33. Bf5 Ne5 34. f4 gxf4 35. gxf4 Nc6 36. Kf3 Rh5 37. Rg2+ Kf8 38. Be6 Rh8 39. Qd1 Ne5+ 40. fxe5 Qxe6 41. exf6 Qf5+ 42. Rf4 Rh3+ 43. Rg3 Rxg3+ 44. Kxg3 Bd6 0-1

[Event "DSOL 2021"]
[Site "Germany"]
[Date "2021.03.15"]
[Round "6.4"]
[White "Schiermeyer, Lukas"]
[Black "Göebel, Ansgar"]
[Result "0-1"]
[WhiteElo "1904"]
[BlackElo "1646"]
[Annotator "TA"]
[PlyCount "75"]
[EventDate "2021.01.18"]
[EventType "team-tourn"]
[EventCountry "GER"]
[SourceTitle "playchess.com"]
[Source "ChessBase"]
[SourceQuality "1"]

1. e4 e5 2. Nf3 Nc6 3. Bc4 Bc5 4. c3 Nf6 5. d3 d6 6. b4 Bb6 7. h3 O-O 8. O-O h6 9. a4 a6 10. Nbd2 Be6 11. Bb2 Qe7 12. Qc2 Rfe8 13. Rae1 Nh5 14. Bxe6 Qxe6 15. Nc4 Ba7 16. Kh2 Qf6 17. Bc1 Rad8 18. Ne3 Ne7 19. d4 Qe6 20. Ng4 Ng6 21. g3 Nf6 22. Nxf6+ Qxf6 23. Qd3 c6 24. d5 cxd5 25. exd5 Rc8 26. Nd2 Qd8 27. c4 Qd7 28. b5 axb5 29. cxb5 f5 30. f3 Bc5 31. Nb3 Bb4 32. Re2 Rc3 33. Qb1 Rec8 34. Bd2 R3c4 35. Qd3 Bxd2 36. Nxd2 Rxa4 37. g4 Nf4 38. Qa3 0-1

[Event "DSOL 2021"]
[Site "Germany"]
[Date "2021.03.18"]
[Round "6.4"]
[White "Schlueter, Mike"]
[Black "Strobelt, Frank"]
[Result "1/2-1/2"]
[WhiteElo "1891"]
[BlackElo "1748"]
[Annotator "NA RC"]
[PlyCount "55"]
[EventDate "2021.01.18"]
[EventType "team-tourn"]
[EventCountry "GER"]
[SourceTitle "playchess.com"]
[Source "ChessBase"]
[SourceQuality "1"]

1. d4 e6 2. Bf4 d5 3. e3 Bd6 4. Bg3 Ne7 5. Nf3 Ng6 6. Bd3 c5 7. c3 Nc6 8. Nbd2 a6 9. Bxd6 Qxd6 10. O-O f5 11. dxc5 Qxc5 12. c4 Nce5 13. Nxe5 Nxe5 14. Nb3 Qd6 15. cxd5 Qxd5 16. Be2 Qxd1 17. Rfxd1 Ke7 18. Rac1 Rd8 19. Rc7+ Rd7 20. Rdxd7+ Nxd7 21. Bf3 Rb8 22. Nc5 Kd6 23. Nxd7 Kxc7 24. Nxb8 Kxb8 25. Kf1 Kc7 26. Ke2 Kd6 27. Kd2 b6 28. g3 1/2-1/2

[Event "DSOL 2021"]
[Site "Germany"]
[Date "2021.03.19"]
[Round "6.4"]
[White "Lu, Siyuan"]
[Black "Oeztuerk, Yasin-Safa"]
[Result "1/2-1/2"]
[WhiteElo "1876"]
[BlackElo "1885"]
[Annotator "NA"]
[PlyCount "90"]
[EventDate "2021.01.18"]
[EventType "team-tourn"]
[EventCountry "GER"]
[SourceTitle "playchess.com"]
[Source "ChessBase"]
[SourceQuality "1"]
[WhiteTeam "Hamburger SK III"]
[BlackTeam "SC Ketsch I"]

1. e4 e6 2. d3 d5 3. Nd2 Nf6 4. g3 c5 5. Bg2 Nc6 6. c3 Be7 7. Ngf3 O-O 8. O-O b5 9. Re1 a5 10. Qe2 Re8 11. Nf1 b4 12. exd5 exd5 13. Bf4 Bb7 14. Rad1 Bd6 15. Qd2 Qc7 16. Bxd6 Qxd6 17. Ne3 Ne7 18. Re2 Rad8 19. Rde1 Qc7 20. h3 Ne4 21. Qc2 Nd6 22. Rc1 Rc8 23. a3 Qb6 24. Rd1 b3 25. Qd2 a4 26. Ne5 f6 27. Nf3 d4 28. cxd4 cxd4 29. Nc4 Nxc4 30. dxc4 Rxc4 31. Nxd4 Bxg2 32. Kxg2 Rd8 33. Rxe7 Rcxd4 34. Re8+ Rxe8 35. Qxd4 Qc6+ 36. Kh2 h6 37. Qd3 Qe4 38. Qd4 h5 39. h4 Qxd4 40. Rxd4 Re2 41. Kg2 Rxb2 42. Rxa4 Ra2 43. Ra8+ Kh7 44. a4 Kg6 45. Rb8 Rxa4 1/2-1/2

[Event "DSOL 2021"]
[Site "Germany"]
[Date "2021.03.15"]
[Round "6.4"]
[White "Cassens, Erhard"]
[Black "Grabowsky, Leon"]
[Result "0-1"]
[WhiteElo "1865"]
[BlackElo "2167"]
[Annotator "TA"]
[PlyCount "40"]
[EventDate "2021.01.18"]
[EventType "team-tourn"]
[EventCountry "GER"]
[SourceTitle "playchess.com"]
[Source "ChessBase"]
[SourceQuality "1"]

1. d4 d5 2. c3 c6 3. Bf4 Nf6 4. e3 Bf5 5. Bd3 Bxd3 6. Qxd3 Qb6 7. Qc2 e6 8. Nf3 Nbd7 9. O-O Be7 10. Nbd2 O-O 11. a4 a5 12. e4 dxe4 13. Nxe4 Nxe4 14. Qxe4 Qxb2 15. Rfb1 Qxc3 16. Rc1 Nf6 17. Qe5 Qd3 18. Qc7 Nd5 19. Qe5 Bf6 20. Qc7 Nxc7 0-1

[Event "DSOL 2021"]
[Site "Germany"]
[Date "2021.03.18"]
[Round "6.4"]
[White "Koop, Boerge"]
[Black "Mix, Clemens"]
[Result "0-1"]
[WhiteElo "1864"]
[BlackElo "1981"]
[Annotator "TA"]
[PlyCount "46"]
[EventDate "2021.01.18"]
[EventType "team-tourn"]
[EventCountry "GER"]
[SourceTitle "playchess.com"]
[Source "ChessBase"]
[SourceQuality "1"]

1. e4 c5 2. c3 Nf6 3. e5 Nd5 4. d4 cxd4 5. cxd4 d6 6. Nf3 Nc6 7. Qb3 dxe5 8. dxe5 e6 9. Bd2 Be7 10. Be2 O-O 11. O-O Qc7 12. Nc3 Nxc3 13. Bxc3 b6 14. Rac1 Bb7 15. Bb5 Rac8 16. Bd2 Qb8 17. Bf4 a6 18. Bd3 Nb4 19. Bb1 Bd5 20. Qa4 b5 21. Qa5 Qb7 22. Rxc8 Rxc8 23. Ne1 Bc4 0-1

[Event "DSOL 2021"]
[Site "Germany"]
[Date "2021.03.15"]
[Round "6.4"]
[White "Rudolph, Lukas"]
[Black "Sicario"]
[Result "1-0"]
[WhiteElo "1864"]
[BlackElo "1564"]
[Annotator "NA RC"]
[PlyCount "63"]
[EventDate "2021.01.18"]
[EventType "team-tourn"]
[EventCountry "GER"]
[SourceTitle "playchess.com"]
[Source "ChessBase"]
[SourceQuality "1"]

1. e4 e5 2. Nf3 Nc6 3. Bc4 Nf6 4. Ng5 Bc5 5. Bxf7+ Kf8 6. Bd5 Nxd5 7. d4 Nf4 8. Bxf4 exf4 9. Qh5 Qf6 10. e5 Qf5 11. g4 fxg3 12. fxg3 g6 13. Qh6+ Ke8 14. Rf1 Qxc2 15. dxc5 Qxb2 16. Nf7 Nd4 17. Rf2 Qxa1 18. Nxh8 Qxb1+ 19. Kd2 Qxa2+ 20. Ke1 Qa1+ 21. Kd2 Nb3+ 22. Ke2 Qxe5+ 23. Kf1 Qxh8 24. Qe3+ Kd8 25. Qg5+ Ke8 26. Re2+ Kf8 27. Qe7+ Kg8 28. Qe8+ Kg7 29. Re7+ Kf6 30. Rf7+ Kg5 31. Qxh8 d6 32. Qxh7 1-0

[Event "DSOL 2021"]
[Site "Germany"]
[Date "2021.03.15"]
[Round "6.4"]
[White "Manke, Alfred"]
[Black "Mauermann, Uwe"]
[Result "0-1"]
[WhiteElo "1841"]
[BlackElo "2037"]
[Annotator "TA"]
[PlyCount "96"]
[EventDate "2021.01.18"]
[EventType "team-tourn"]
[EventCountry "GER"]
[SourceTitle "playchess.com"]
[Source "ChessBase"]
[SourceQuality "1"]

1. e4 c5 2. Nc3 Nc6 3. g3 g6 4. Bg2 Bg7 5. d3 d6 6. f4 Nf6 7. Nf3 Bg4 8. O-O Qd7 9. Be3 h5 10. h4 O-O-O 11. Qd2 Bxf3 12. Bxf3 Ng4 13. Bxg4 Qxg4 14. Qg2 Nb4 15. Rf2 Kb8 16. Nd1 Qd7 17. a3 Nc6 18. c3 f5 19. Re2 e5 20. Nf2 Bh6 21. Nh3 Rhf8 22. Rf1 fxe4 23. dxe4 Na5 24. Kh2 Nc4 25. Bc1 Qg4 26. Ref2 exf4 27. Bxf4 Bxf4 28. Rxf4 Rxf4 29. Rxf4 Qd1 30. Qf1 Qxf1 31. Rxf1 Nxb2 32. Rf6 Nd1 33. Rf3 Nb2 34. Rf6 d5 35. exd5 Rxd5 36. Nf4 Rd2+ 37. Kh3 Nd3 38. g4 Nf2+ 39. Kg2 Ne4+ 40. Kf3 Nxf6 41. g5 Ne8 42. Nxg6 Rd3+ 43. Kf4 Rxc3 44. Kf5 Rh3 45. Ke6 c4 46. Nf4 Rxh4 47. Nd5 Nc7+ 48. Nxc7 Kxc7 0-1

[Event "DSOL 2021"]
[Site "Germany"]
[Date "2021.03.17"]
[Round "6.4"]
[White "Aden, Dagmar"]
[Black "Lawi"]
[Result "1-0"]
[WhiteElo "1837"]
[BlackElo "1737"]
[Annotator "NA RC"]
[PlyCount "63"]
[EventDate "2021.01.18"]
[EventType "team-tourn"]
[EventCountry "GER"]
[SourceTitle "playchess.com"]
[Source "ChessBase"]
[SourceQuality "1"]

1. e4 c5 2. c3 Nf6 3. e5 Nd5 4. d4 cxd4 5. cxd4 e6 6. Nf3 Nc6 7. Be2 Be7 8. O-O d6 9. exd6 Qxd6 10. Nc3 Qd8 11. Nxd5 Qxd5 12. Be3 O-O 13. a3 a6 14. Rc1 Rd8 15. Bc4 Qd6 16. Qe2 b5 17. Bd3 Bb7 18. Rfd1 g6 19. Bc2 Na5 20. Ne5 Bd5 21. Bf4 Qb6 22. Ng4 f6 23. Nh6+ Kg7 24. Qg4 Rac8 25. Qh4 Rxc2 26. Rxc2 e5 27. dxe5 Bb3 28. Rxd8 Qxd8 29. Rd2 Qc8 30. h3 Qe6 31. Ng4 fxe5 32. Qh6+ 1-0

[Event "DSOL 2021"]
[Site "Germany"]
[Date "2021.03.15"]
[Round "6.4"]
[White "Mader, Lena"]
[Black "Scholz, Christopher"]
[Result "1-0"]
[WhiteElo "1831"]
[BlackElo "1439"]
[Annotator "NA RC"]
[PlyCount "59"]
[EventDate "2021.01.18"]
[EventType "team-tourn"]
[EventCountry "GER"]
[SourceTitle "playchess.com"]
[Source "ChessBase"]
[SourceQuality "1"]

1. c4 c6 2. Nc3 d5 3. e3 Nf6 4. Nf3 Bg4 5. b3 e6 6. Be2 Be7 7. Bb2 Nbd7 8. O-O O-O 9. d3 Qb6 10. Nd4 Bxe2 11. Qxe2 Rfd8 12. cxd5 cxd5 13. Rfc1 Rac8 14. Rc2 a6 15. Rac1 Qa7 16. Nxd5 Rxc2 17. Nxe7+ Kf8 18. Rxc2 Kxe7 19. Ba3+ Ke8 20. Nf3 Nd5 21. d4 b5 22. Qd3 g6 23. Qe4 b4 24. Bb2 N7f6 25. Qh4 Nh5 26. e4 Ndf4 27. g4 Ng7 28. Qxh7 f5 29. Ne5 Qb7 30. Qg8+ 1-0

[Event "DSOL 2021"]
[Site "Germany"]
[Date "2021.03.18"]
[Round "6.4"]
[White "Sistig, Max"]
[Black "Morczynski, Joachim"]
[Result "0-1"]
[WhiteElo "1829"]
[BlackElo "1749"]
[Annotator "NA RC"]
[PlyCount "56"]
[EventDate "2021.01.18"]
[EventType "team-tourn"]
[EventCountry "GER"]
[SourceTitle "playchess.com"]
[Source "ChessBase"]
[SourceQuality "1"]

1. d4 Nf6 2. c4 g6 3. Nc3 d5 4. cxd5 Nxd5 5. e4 Nxc3 6. bxc3 c5 7. Bc4 Bg7 8. Ne2 O-O 9. O-O Nc6 10. Be3 Rb8 11. Bf4 Ra8 12. d5 Ne5 13. Bb3 b6 14. c4 Ba6 15. Rc1 Qc8 16. h3 b5 17. cxb5 Bxb5 18. Be3 Qa6 19. Ng3 Bxf1 20. Nxf1 c4 21. Bc2 Nd3 22. Rb1 Rab8 23. f4 Qxa2 24. e5 Rxb1 25. Bxb1 Qa1 26. Nd2 Rb8 27. Qc2 c3 28. Bd4 Nxf4 0-1